Normal view MARC view
  • Vejez

Entry Materia

Number of records used in: 32

001 - NÚMERO DE CONTROL DEL REGISTRO

  • campo de control: 14052

003 - IDENTIFICADOR DE NUMERO DE CONTROL

  • campo de control: MX-MxUPN

005 - FECHA Y HORA DE LA ÚLTIMA TRANSACCIÓN

  • campo de control: 20240202185316.0

008 - DATOS DE LONGITUD FIJA

  • campo de control de longitud fija: 240202nn fnnnnbabn n ana |d

035 ## - NÚMERO DE CONTROL DEL SISTEMA

  • Número de control del sistema: UPN10000014060

040 ## - FUENTE DE LA CATALOGACIÓN

  • Lengua de catalogación: spa
  • Centro catalogador de origen: MX-MxUPN

150 ## - ENCABEZAMIENTO - TEMÁTICO

  • Término de materia o nombre geográfico como elemento inicial: Vejez

550 ## - VÉASE ADEMÁS - MATERIA

  • Encabezamiento temático o nombre geográfico como elemento de entrada: ENVEJECIMIENTO

670 ## - FUENTE EN LA QUE SE LOCALIZARON DATOS

  • Cita de la fuente: Escamilla González, G. Lista de encabezamientos de materia, 1978 :
  • Información localizada: página 843 (Vejez)

902 ## - CATALOGADOR

  • Catalogador: PN/260796
  • Catalogador: VíctorGodínez/020224